000 01376nam a2200289 a 4500
005 20260112063229.0
020 _a0761928626 (cloth)
020 _a0761928634 (pbk.)
039 _a202109291447
_bstaff
_c201302111550
_d staff
_c201302111549
_d staff
_c201302111548
_d staff
_y 200908012239
_z staff
050 _a658.40092
_bADL
082 _a658.40092
_bADL [ Shelf 78]
245 _aCollaborative research in organizations :
_bfoundations for learning, change, and theoretical development /
_cedited by Niclas Adler, A. B. (Rami) Shani, Alexander Styhre.
260 _aThousand Oaks, Calif. :
_bSAGE Publications,
_c2004.
300 _axxiii, 383 p. :
_bill. ;
_c26 cm.
504 _aIncludes bibliographical references and index.
650 _aManagement
_x Research.
650 _aResearch teams.
700 _aAdler, Niclas.
700 _aShani, Abraham B.
700 _aStyhre, Alexander.
856 _Publisher description
_u http://www.loc.gov/catdir/enhancements/fy0658/2003004708-d.html
856 _Table of contents only
_u http://www.loc.gov/catdir/enhancements/fy0658/2003004708-t.html
856 _Contributor biographical information
_u http://www.loc.gov/catdir/enhancements/fy0734/2003004708-b.html
991 _aVIRTUA40
991 _aVTLSSORT0080*0200*0201*0500*0820*2450*2600*3000*5040*6500*6501*7000*7001*7002*8560*8561*8562*9992
909 _a826
999 _c816
_d816